| 000 | 00930cam a22003017a 4500 | ||
|---|---|---|---|
| 003 | CHAP | ||
| 005 | 20220329133131.0 | ||
| 008 | 971013s1989 r 00010 d | ||
| 010 | _a2529 | ||
| 011 | _a3501 | ||
| 035 | _a2701 | ||
| 040 | _cCHAP | ||
| 090 | _aFolleto 12847 | ||
| 100 | 0 | 0 |
_aMcGinley, Ronald J. _973531 |
| 245 | 1 | 2 | _aA catalog and review of immature Apoidea (Hymenoptera) |
| 260 |
_aWashington, D. C. : _bSmithsonian Institution, _c1989 |
||
| 300 |
_a24 p. _b: gráfs. |
||
| 490 | 0 | _aSmithsonian contributions to zoology, 494 | |
| 590 |
_aBATCH-UPD _b10 _c20130109 _lUCH01 _h2352 |
||
| 590 |
_aBATCH-UPD _b10 _c20130110 _lUCH01 _h1540 |
||
| 590 |
_aCONVERSION _b10 _c20130109 _lUCH01 _h1303 |
||
| 650 | 1 | 4 |
_aAbejas. _9182 |
| 650 | 1 | 4 |
_aOrugas. _984152 |
| 830 | 0 |
_aSmithsonian contributions to zoology, 494 _9107174 |
|
| 901 | _aBK | ||
| 942 | _cFOLL | ||
| 949 |
_aFolleto 12847 _bBC _cFOLL _d-12207 _eTS1 _i2701 _mD _si |
||
| 999 |
_c2529 _d2529 |
||